00827cam a2200229 a 450000100100000000500170001000800410002702000150006804000180008308200180010110000290011924500580014826000520020630000200025849000340027865000280031265000430034083000440038391000340042795201210046199900150058200000751820200929154210.0960423s1995 ck 001 p spa  a9586480909 aDO-SdBNPcDLC aC863.44bI68h1 aIriarte, Rogelio.92087613aUn hilo de sangre por la escalera /cRogelio Iriarte. aSantafé de Bogotá :bEcoe Ediciones,c1995. a75 p. ;c18 cm.1 aCrónica negra colombianav2 4aNovela colombiana91243 4aLiteratura colombianaySIGLO XX914409 0aCrónica negra colombiana ;v2.920877 aCatalogación por copia / LC 001052708MOaGRbGRcCTd2009-09-08iLF1l0oC863.44 I68hp7518-10r2020-06-25w2020-06-25y2ZPréstamo interno c7299d7299